<?xml version="1.0" encoding="UTF-8"?>
<collection xmlns="http://www.loc.gov/MARC21/slim">
 <record>
  <leader>02296cam a22003372 a4500</leader>
  <controlfield tag="001">822926237</controlfield>
  <controlfield tag="003">DE-627</controlfield>
  <controlfield tag="005">20220719125919.0</controlfield>
  <controlfield tag="007">tu</controlfield>
  <controlfield tag="008">150418nuuuuuuuuxx |||||      00| ||ger c</controlfield>
  <datafield tag="016" ind1="7" ind2=" ">
   <subfield code="a">996638709</subfield>
   <subfield code="2">DE-101</subfield>
  </datafield>
  <datafield tag="020" ind1=" " ind2=" ">
   <subfield code="a">9783805340625</subfield>
   <subfield code="9">978-3-8053-4062-5</subfield>
  </datafield>
  <datafield tag="035" ind1=" " ind2=" ">
   <subfield code="a">(DE-627)822926237</subfield>
  </datafield>
  <datafield tag="035" ind1=" " ind2=" ">
   <subfield code="a">(DE-576)9822926235</subfield>
  </datafield>
  <datafield tag="035" ind1=" " ind2=" ">
   <subfield code="a">(DE-599)GBV822926237</subfield>
  </datafield>
  <datafield tag="040" ind1=" " ind2=" ">
   <subfield code="a">DE-627</subfield>
   <subfield code="b">ger</subfield>
   <subfield code="c">DE-627</subfield>
   <subfield code="e">rakwb</subfield>
  </datafield>
  <datafield tag="041" ind1=" " ind2=" ">
   <subfield code="a">ger</subfield>
  </datafield>
  <datafield tag="245" ind1="1" ind2="0">
   <subfield code="a">Aufbruch in die Gotik</subfield>
   <subfield code="b">der Magdeburger Dom und die späte Stauferzeit</subfield>
   <subfield code="c">Landesausstellung Sachsen-Anhalt aus Anlass des 800. Domjubiläums. Hrsg. von Matthias Puhle</subfield>
  </datafield>
  <datafield tag="264" ind1=" " ind2="1">
   <subfield code="a">Mainz</subfield>
   <subfield code="b">von Zabern</subfield>
  </datafield>
  <datafield tag="300" ind1=" " ind2=" ">
   <subfield code="a">2 Bände</subfield>
  </datafield>
  <datafield tag="336" ind1=" " ind2=" ">
   <subfield code="a">Text</subfield>
   <subfield code="b">txt</subfield>
   <subfield code="2">rdacontent</subfield>
  </datafield>
  <datafield tag="337" ind1=" " ind2=" ">
   <subfield code="a">ohne Hilfsmittel zu benutzen</subfield>
   <subfield code="b">n</subfield>
   <subfield code="2">rdamedia</subfield>
  </datafield>
  <datafield tag="338" ind1=" " ind2=" ">
   <subfield code="a">Band</subfield>
   <subfield code="b">nc</subfield>
   <subfield code="2">rdacarrier</subfield>
  </datafield>
  <datafield tag="500" ind1=" " ind2=" ">
   <subfield code="a">Literaturangaben</subfield>
  </datafield>
  <datafield tag="520" ind1=" " ind2=" ">
   <subfield code="a">800 Jahre Gotik: Aufbruch in eine faszinierende Epoche. Im Jahre 1209 wurde der Grundstein für den Magdeburger Dom gelegt die erste im gotischen Stil erbaute Kathedrale Deutschlands. Dieses Jubiläum ist Anlass, die Epoche der Gotik umfassend neu zu betrachten. Die große Landesausstellung &quot;Aufbruch in die Gotik. Der Magdeburger Dom und die späte Stauferzeit&quot; zeigt erstmalig über den kunsthistorisch-architekturgeschichtlichen Blickwinkel hinaus, wie sich Wissen, Kultur und Lebenswelt der Menschen vor dem politisch-historischen Hintergrund der späten Stauferzeit grundlegend veränderten. Mehr als 200 kostbare Objekte aus Museen, Bibliotheken und Archiven Europas und den USA verwandeln das Kulturhistorische Museum, Magdeburg in eine Schatzkammer des 13. Jahrhunderts.</subfield>
  </datafield>
  <datafield tag="700" ind1="1" ind2=" ">
   <subfield code="a">Puhle, Matthias</subfield>
   <subfield code="e">Hrsg.</subfield>
   <subfield code="4">edt</subfield>
  </datafield>
  <datafield tag="787" ind1="0" ind2="8">
   <subfield code="i">Rezensiert in</subfield>
   <subfield code="a">Brandorff, Helmut</subfield>
   <subfield code="t">[Rezension von: Puhle, Matthias (Hrsg.), Aufbruch in die Gotik. Der Magdeburger Dom und die späte Stauferzeit. Begleitpublikation zur Landesausstellung Sachsen-Anhalt aus Anlass des 800. Domjubiläums vom 31. August bis zum 6. Dezmber 2009 im Kulturhistorischen Museum Magdeburg. Band I: Essays, Band II: Katalog. Gebunden]</subfield>
   <subfield code="d">2013</subfield>
   <subfield code="w">(DE-627)838988806</subfield>
   <subfield code="w">(DE-576)9838988804</subfield>
  </datafield>
  <datafield tag="856" ind1="4" ind2="2">
   <subfield code="u">http://ecx.images-amazon.com/images/I/41LPn1Xy5sL._SL500_AA240_.jpg</subfield>
   <subfield code="x">Verlag</subfield>
   <subfield code="y">Cover</subfield>
   <subfield code="3">Cover</subfield>
  </datafield>
  <datafield tag="951" ind1=" " ind2=" ">
   <subfield code="a">MC</subfield>
  </datafield>
  <datafield tag="991" ind1=" " ind2=" ">
   <subfield code="a">Rezensiertes Werk</subfield>
  </datafield>
  <datafield tag="999" ind1=" " ind2=" ">
   <subfield code="a">KXP-PPN822926237</subfield>
   <subfield code="e">4251596846</subfield>
  </datafield>
 </record>
</collection>
